| 000 | 00710nam a2200217Ia 4500 | ||
|---|---|---|---|
| 003 | OSt | ||
| 005 | 20251017104222.0 | ||
| 008 | 220923b |||||||| |||| 00| 0 eng d | ||
| 020 | _a1844570649 | ||
| 037 | _cGeneral Book | ||
| 040 |
_aRTL _cRTL _beng |
||
| 041 |
_2eng _aeng |
||
| 084 |
_aY:3(NW)v, P5 _qRTL |
||
| 100 |
_aGomery, Douglas. _9287498 |
||
| 245 | 0 | _aHollywood studio system: a history. | |
| 260 |
_aLondon _bPalgrave Macmillan _c2005 |
||
| 300 |
_avii, 333 p. _ccm. _bIncludes bibliographical references and index. |
||
| 650 |
_aSociology _9848657 |
||
| 942 |
_hY:3(NW)v, P5 _cGB _2CC _n0 |
||
| 999 |
_c576628 _d576628 |
||